Score 0/200 Timer 15:00
5 Plays Today
Frequency Word % Correct
192a
95.4%
312the
94.4%
185I
93.1%
220you
82.1%
14an
80.3%
82we
78.9%
60he
77.1%
24Holy
74%
36Grail
73.5%
98is
73.4%
15knight
73.2%
113no
72.7%
157of
72.6%
30Ni
72.5%
24go
71.5%
86it
70.9%
43be
69.9%
32on
68.9%
92in
68.3%
148to
68%
164and
67.9%
26King
67.5%
76your
66%
45me
65.8%
84what
65.7%
42who
65.1%
54are
64.5%
12she
64.1%
38do
63.5%
8ha
63.2%
24Arthur
62.7%
24her
62.3%
78not
59.9%
64Sir
59.3%
32for
57.2%
13when
55.7%
32so
54.9%
11where
53.6%
15they
52.1%
7why
50.8%
25Lancelot
50.6%
21say
50.4%
69that
50%
30one
49.5%
29there
49.4%
26can
48.5%
18Robin
48.3%
28knights
47.8%
14how
47.2%
18three
47.1%
42my
46.6%
7two
46.2%
32out
46.1%
23castle
45.8%
26Camelot
45.8%
8swallow
45.5%
18witch
45.2%
20am
44.9%
55yes
44.7%
26if
44.1%
17we're
43.6%
14were
43.6%
13quest
43.5%
52have
42.7%
20dead
42.4%
7God
42.2%
22was
41.9%
Frequency Word % Correct
55this
41.7%
10or
41.6%
20will
41.3%
10round
41.2%
9table
41.1%
44but
40.8%
24at
40.6%
18see
40.5%
20brave
40.4%
22his
40.1%
26us
39.6%
13man
39.6%
14as
39.5%
13shrubbery
39.5%
26him
39.2%
24then
37.6%
35I'm
37%
20from
36.7%
30it's
36.6%
28away
36.4%
30don't
35.5%
31with
35.4%
12them
35.2%
19you're
34.3%
15our
34%
11run
33.8%
16could
33.7%
39all
33.6%
7hand
33.6%
15bring
33.4%
30up
33.2%
11Galahad
32.9%
16did
32.3%
7five
32.2%
8bridge
32.2%
8would
32.1%
22shall
31.9%
7can't
31.6%
34come
31.1%
11off
30.7%
25got
29.9%
34here
29.5%
15know
28.9%
16good
28.5%
25get
28.3%
9has
27.7%
29just
27.6%
13had
27.1%
7down
26.7%
97oh
26.6%
7some
26.4%
18by
26.2%
12lord
25.5%
9these
25.4%
15burn
24.8%
21now
24.7%
58well
24.3%
12father
24.2%
15like
22.9%
16name
22.8%
11Britons
22.8%
28look
22.8%
9does
22.5%
11thou
22.1%
8said
21.9%
9old
21.4%
37right
21.2%
Frequency Word % Correct
10death
21.1%
13into
21%
8I'll
21%
13want
20.8%
23must
20.7%
11seek
20.5%
8silly
20.2%
9time
19.8%
11land
19.7%
10may
19.3%
9only
18.9%
13more
18.9%
18very
18.8%
18going
18.7%
11didn't
17.6%
23he's
16.7%
16stop
16.2%
11find
16%
7Zoot
15.9%
10take
15.9%
11much
15.8%
9yeah
15.6%
10which
15.5%
7Bedevere
15.3%
13make
15%
14questions
14.8%
7English
14.6%
18think
14.4%
7I've
13.3%
21tell
13.1%
10back
13%
7other
12.9%
13about
12.9%
9bit
11.3%
17please
11.3%
9doesn't
11.1%
8cave
10.9%
8cut
10.9%
16hello
10.2%
21that's
10.2%
9through
10.1%
7seen
9.9%
7swamp
9.9%
8feel
9.4%
11leave
9.2%
7nothing
8.7%
8afraid
8.7%
8quite
8.3%
10thank
8.2%
9Aaaaugh
7.8%
7until
7.8%
9peril
7.3%
11mean
7.3%
12sorry
6.9%
11sure
6.5%
7join
6.1%
8there's
6%
8quiet
5.5%
10liege
5.2%
14shut
5.1%
7course
4.8%
7Concorde
4.3%
10room
4.1%
12um
3.4%
39uh
3.2%
7sacred
3.1%

You're not logged in!

Compare scores with friends on all Sporcle quizzes.
OR
Log In

Sporcle TV

Today on Sporcle TV


Watch our educational content, quiz creation guides, and fun videos on Sporcle TV.

Show Comments

Extras

Top Quizzes Today


Score Distribution

Paid Content

Your Account Isn't Verified!

In order to create a playlist on Sporcle, you need to verify the email address you used during registration. Go to your Sporcle Settings to finish the process.

Report this User

Report this user for behavior that violates our Community Guidelines.

Details: